Chargement en cours...

Molecular coformation and biological interactions /

Détails bibliographiques
Auteur principal: Balaram P, .
Autres auteurs: Rameshan, S.
Format: Printed Book
Publié: Bangalore : Indian Academy of Sciences , 1991.
Sujets:
LEADER 00695cam a2200205ua 4500
008 051209s1991 g b000 u Eng u
020 |a 81-85324-12-3 
044 |a   
082 1 4 |a 547.750 442 N1;1 
100 1 |a Balaram P, . 
245 0 0 |a Molecular coformation and biological interactions /   |h Textual Documents 
260 |a Bangalore : Indian Academy of Sciences ,   |c 1991. 
300 |a  ;  
650 0 |a Molecular biology 
650 0 |a Molecular structure 
650 0 |a Protein structure 
700 1 |a Rameshan, S. 
942 |c BK 
999 |c 105660  |d 105660 
952 |0 0  |1 0  |4 0  |6 547_750000000000000_442_N11  |7 0  |9 100330  |a SCS  |b SCS  |d 2014-06-26  |l 0  |o 547.750 442 N1;1  |p SCS02107   |r 2014-06-26  |w 2014-06-26  |y BK